00464 2200181 4500001002100000008004100021035002000062245004400082100001500126260003700141300002000178020002200198084001400220082000800234650001000242990001500252990001500267INLIS000000000003225 ind  a0010-1225000046 aTeruslah Bodoh Jangan PintarcTere Liye aLiye, Tere aDepok :bPT Sabak Grip Nusantara a371c13,5x20 cm a978-623-8882-20-5 a813 LIY t a813 aFiksi a19686/B/26 a19687/B/26